000
00265nam a22001217a 4500
005
20170628110531.0
008
170628b xxu||||| |||| 00| 0 eng d
022
_a
0019-4786
245
_a
Indian Farming
260
_a
Delhi
_b
ICAR
_c
2017
300
_a
32
942
_c
JRL
999
_c
5488
_d
5486